000 00324nam a22001337a 4500
008 170929b xxu||||| |||| 00| 0 eng d
020 _a0812113241
041 _aeng
080 _24TH
_a37
100 _a47
101 _aEDU
245 _aGUIDELINES FOR EXERCISE TESTING AND PRESCRIPTION
_cSTOEDEFALKE,K,G
942 _2udc
_cBK
999 _c30642
_d30642